| 000 | 00527nam a22001937a 4500 | ||
|---|---|---|---|
| 003 | CEME | ||
| 005 | 20210628202410.0 | ||
| 008 | 210128b xxu||||| |||| 00| 0 eng d | ||
| 020 | _a0-02-801881-8 | ||
| 040 | _c. | ||
| 082 | _a604.2 JEN | ||
| 100 |
_aJenson, Cecil:Helsel, Jay D _959762 |
||
| 245 | _aDrawing workbook for engineering drawing and design | ||
| 250 | _a5TH | ||
| 260 |
_aNEWYORK _bGLENCO, MCGRAW HILL _c1997 |
||
| 300 | _a1000P | ||
| 650 |
_aMWCHANICAL DRAWING.ENGINEERING DESIGN _959763 |
||
| 942 |
_cBK _2ddc |
||
| 999 |
_c569660 _d569660 |
||